Statistics for Footballer by Pictures #7

Click here to take the quiz!

General Stats

  • This quiz has been taken 77 times
  • The average score is 11 of 16

Answer Stats

Answer% Correct
Kevin De Bruyne
94%
İlkay Gündoğan
86%
Thibaut Courtois
85%
Pedro González López
83%
Cody Gakpo
80%
Rafael Leão
80%
Éder Militão
78%
Marc-André ter Stegen
78%
Pierre-Emerick Aubameyang
78%
Marco Asensio
77%
Benjamin Pavard
71%
Mateo Kovačić
71%
Eric Maxim Choupo-Moting
63%
Stefan de Vrij
51%
Daichi Kamada
45%
Djibril Sow
29%

Score Distribution

Percentile by Number Answered

Percent of People with Each Score

Your Score History

You have not taken this quiz